| 000 | 01023nam a2200289 i 4500 | ||
|---|---|---|---|
| 003 | EG-GICUC | ||
| 005 | 20260219223538.0 | ||
| 008 | 260219s1980 ua ||||fr ||| 00| 0 ara d | ||
| 040 |
_aEG-GICUC _cEG-GICUC _dEG-GICUC _erda _bara |
||
| 041 | 0 | _aara | |
| 082 | 0 | 4 |
_221 _a341.65 _bي ح . ح |
| 092 | 0 | 4 | _221 |
| 099 | _aLaw1 11 341.65 ي ح . ح 1980 | ||
| 100 | 0 |
_aيحيي حسن درويش _eمؤلف. |
|
| 245 | 1 | 2 |
_aحركة الصليب و الهلال الأحمر / _cيحيي حسن درويش . |
| 264 | 0 |
_aمصر : _bالمعهد العالي للخدمة الإجتماعية , _c1980 . |
|
| 300 |
_a68 صفحة ؛ _c30 سم. |
||
| 336 |
_atext _2rda content |
||
| 337 |
_aComputer _2rda media |
||
| 338 |
_aOnline Resource _2rda carrier |
||
| 546 | _aالنص باللغة العربية | ||
| 650 | 0 | 4 | _aالقانون الدولي العام |
| 650 | 0 | 4 | _aمنظمة الهلال الأحمر |
| 856 | _uhttps://fll.law.cu.edu.eg/fulltext/th/B11-07746.pdf | ||
| 905 | _a59 | ||
| 942 |
_2ddc _cBK _e21 _n0 |
||
| 999 |
_c63886 _d63886 |
||